000 00801nam a22002657a 4500
003 CHAP
005 20220329135151.0
008 971013s1974 r 00010 d
010 _a32010
011 _a32982
035 _a37097
040 _cCHAP
090 _aFolleto 5677
110 _aNew Zeland Forest Service. Wellington
_981051
245 _aNew bark beetle, Hylurgus ligniperda (Family : Scolytidae) discovered in New Zealand
260 _aWellington :
_bNZFS,
_c1974
300 _a(s.p.)
_b: ilus.
590 _aBATCH-UPD
_b10
_c20130110
_lUCH01
_h1714
590 _aCONVERSION
_b10
_c20130109
_lUCH01
_h1318
650 1 4 _aHylurgus ligniperda.
_957091
650 1 4 _aMadera
_xPlagas.
_969617
901 _aBK
942 _cFOLL
949 _aFolleto 5677
_bBC
_cFOLL
_d-85103
_eTS1
_i37097
_mD
_si
999 _c32010
_d32010